Growing up in the Cis-Baikal region of Siberia, Russia : reconstructing childhood diet of Middle Holocene hunter-gatherers /
This volume analyses the dietary life histories of prehistoric hunter-gatherers from six cemeteries in the Lake Baikal region of Siberia, Russia. The overarching goal was to better understand how they lived by examining what they ate, how they utilized the landscape, and how this changed over time.
المؤلف الرئيسي:
التنسيق: كتاب الكتروني
اللغة: English
منشور في:
Oxford :
Archaeopress Archaeology,
2023.
الموضوعات:
الوصول للمادة أونلاين: Login to view Source
الوسوم: إضافة وسم
رقم الطلب: GN407.33
| LEADER | 02102nam a2200421 i 4500 | ||
|---|---|---|---|
| 001 | EDZ0003082142 | ||
| 003 | StDuBDS | ||
| 005 | 20230828071341.0 | ||
| 006 | m|||||o||d|||||||| | ||
| 007 | cr ||||||||||| | ||
| 008 | 230623s2023 enka fob 000|0|eng|d | ||
| 020 | |a 9781803274942 (PDF ebook) : |c No price | ||
| 040 | |a StDuBDS |b eng |c StDuBDS |e rda |e pn | ||
| 050 | 4 | |a GN407.33 | |
| 082 | 0 | 4 | |a 306.364095709009 |2 23 |
| 100 | 1 | |a Haas, Victoria M. van der, |e author. | |
| 245 | 1 | 0 | |a Growing up in the Cis-Baikal region of Siberia, Russia : |b reconstructing childhood diet of Middle Holocene hunter-gatherers / |c Victoria van der Haas. |
| 264 | 1 | |a Oxford : |b Archaeopress Archaeology, |c 2023. | |
| 300 | |a 1 online resource (256 pages) : |b illustrations (colour) | ||
| 336 | |a text |2 rdacontent | ||
| 336 | |a still image |2 rdacontent | ||
| 337 | |a computer |2 rdamedia | ||
| 338 | |a online resource |2 rdacarrier | ||
| 500 | |a Also issued in print: 2023. | ||
| 504 | |a Includes bibliographical references. | ||
| 520 | 8 | |a This volume analyses the dietary life histories of prehistoric hunter-gatherers from six cemeteries in the Lake Baikal region of Siberia, Russia. The overarching goal was to better understand how they lived by examining what they ate, how they utilized the landscape, and how this changed over time. | |
| 521 | |a Specialized. | ||
| 588 | |a Description based on online resource; title from PDF title page (viewed on July 31, 2023). | ||
| 650 | 0 | |a Hunting and gathering societies |z Russia (Federation) |z Siberia. | |
| 650 | 0 | |a Excavations (Archaeology) |z Russia (Federation) |z Siberia. | |
| 650 | 0 | |a Human remains (Archaeology) |z Russia (Federation) |z Siberia. | |
| 650 | 0 | |a Prehistoric peoples |x Food |z Russia (Federation) |z Siberia. | |
| 650 | 0 | |a Agriculture, Prehistoric |z Russia (Federation) |z Siberia. | |
| 776 | 0 | 8 | |i Print version : |z 9781803274935 |
| 856 | 4 | 0 | |u http://library.arce.org:8087/Archaeopress/Products/9781803274935 |
| 942 | |2 lcc |c EBOOK | ||
| 952 | |0 0 |1 0 |4 0 |6 GN040733 |7 1 |9 49721 |a ARCH |b ARCH |d 2023-08-28 |l 0 |o GN407.33 |r 2023-08-28 00:00:00 |w 2023-08-28 |y EBOOK | ||
| 999 | |c 54364 |d 54364 | ||
